Misterios de las civilizaciones perdidas / (Record no. 28064)
[ view plain ]
| 000 -LEADER | |
|---|---|
| fixed length control field | 00590nam a22002177a 4500 |
| 001 - CONTROL NUMBER | |
| control field | sjds |
| 003 - CONTROL NUMBER IDENTIFIER | |
| control field | sjds |
| 005 - DATE AND TIME OF LATEST TRANSACTION | |
| control field | 20230216222236.0 |
| 008 - FIXED-LENGTH DATA ELEMENTS--GENERAL INFORMATION | |
| fixed length control field | 230216b |||||||| |||| 00| 0 spa d |
| 020 ## - INTERNATIONAL STANDARD BOOK NUMBER | |
| International Standard Book Number | 9788434856387 |
| 020 ## - INTERNATIONAL STANDARD BOOK NUMBER | |
| International Standard Book Number | 8434856387 |
| 040 ## - CATALOGING SOURCE | |
| Transcribing agency | sjds |
| 041 ## - LANGUAGE CODE | |
| Language code of text/sound track or separate title | spa |
| 100 ## - MAIN ENTRY--PERSONAL NAME | |
| Personal name | Millard, Anne |
| 245 ## - TITLE STATEMENT | |
| Title | Misterios de las civilizaciones perdidas / |
| Statement of responsibility, etc. | Anne Millard, Francis Phillipps |
| 260 ## - PUBLICATION, DISTRIBUTION, ETC. (IMPRINT) | |
| Place of publication, distribution, etc. | Madrid : |
| Name of publisher, distributor, etc. | Ediciones SM, |
| Date of publication, distribution, etc. | c1997 |
| 300 ## - PHYSICAL DESCRIPTION | |
| Extent | 40 pages : |
| Other physical details | color illustrations, color map ; |
| Dimensions | 30 cm |
| 440 ## - SERIES STATEMENT/ADDED ENTRY--TITLE | |
| Title | SM saber |
| 700 10 - ADDED ENTRY--PERSONAL NAME | |
| Personal name | Phillipps. Francis |
| 942 ## - ADDED ENTRY ELEMENTS (KOHA) | |
| Koha item type | Libro/Book |
| Withdrawn status | Lost status | Damaged status | Not for loan | Home library | Current library | Date acquired | Inventory number | Total Checkouts | Full call number | Barcode | Date last seen | Date checked out | Price effective from | Koha item type | Checked out | Total Renewals |
|---|---|---|---|---|---|---|---|---|---|---|---|---|---|---|---|---|
| San Juan Del Sur -- Mobile | Las marias | 16/02/2023 | Inventory date: 27-2-25 | 5 | JN | 33017155 | 31/03/2026 | 31/03/2026 | 16/02/2023 | Libro/Book | 05/05/2026 | 1 | ||||
| San Juan Del Sur -- Mobile | San Juan Del Sur -- Mobile | 16/02/2023 | Inventory date: 10-2-25 | 6 | JN | 33017146 | 10/10/2024 | 10/10/2024 | 16/02/2023 | Libro/Book | ||||||
| San Juan Del Sur -- Mobile | San Juan Del Sur -- Mobile | 16/02/2023 | Inventory date: 10-2-25 | 3 | JN | 33017143 | 05/06/2024 | 05/06/2024 | 16/02/2023 | Libro/Book | ||||||
| San Juan Del Sur -- Mobile | San francisco de asis | 16/02/2023 | 1 | JN | 33017149 | 25/10/2023 | 25/10/2023 | 16/02/2023 | Libro/Book | 29/11/2023 |